| 000 | 00938nas a2200277Ia 4500 | ||
|---|---|---|---|
| 001 | A08/R093-13016 [r000010359] | ||
| 003 | IT-MiCISF | ||
| 008 | 161014c99999999xx |||||||||||| ||und|| | ||
| 040 |
_aIT-MiCISF _cIT-MiCISF |
||
| 041 | _aFRANCESE | ||
| 100 | _aSonet Denis | ||
| 210 | _aAmour et famille | ||
| 222 | _aAmour et famille | ||
| 240 | _aComment améliorer les relations parents-enfants? | ||
| 245 | 0 | _aComment améliorer les relations parents-enfants? | |
| 250 | _a1a ed. | ||
| 260 | _c1982 | ||
| 501 |
_bCISF - Centro Internazionale Studi Famiglia - Via Giotto, 36 20145 MILANO (non commercial uses only) _cCopyright 2016 |
||
| 300 | _app. 12-28 | ||
| 362 | _an. 134, luglio-agosto [1982] | ||
| 500 | _a Tema: genitorialità, rapporti-genitori-figli, giovani, famiglia, vita-familiare, comunicazione | ||
| 650 |
_agenitorialità _varticolo |
||
| 700 | _aAA.VV. | ||
| 942 | _cCR | ||
| 957 | _71 | ||
| 999 |
_a13016 _bSi _g1 _c229255 _d229255 |
||